00369nam a22001457a 450000500170000000800410001704100080005808200230006610000210008924500120011026000520012230000090017450000250018350000150020820250424122256.0250424b |||||||| |||| 00| 0 eng d amar a891.46bSAH B22575 aSahastrabuddhe A aAhinkul aPunebBharatiya Vichar Sadhana Prakashan c1986 a246p aMarathi Literature  aLiterature